000 00349nam a22001337a 4500
008 180301b xxu||||| |||| 00| 0 eng d
020 _a9789400752399
041 _aeng
080 _a101
100 _a24
101 _aFIL
245 _aRenaissance averroism and its aftermath: arabic philosophy in early modern europe
_cAkasoy,A
942 _2udc
_cBK
999 _c43866
_d43866